[Event "Titled Tuesday intern op 23rd Apr Late"]
[Site "Chess.com INT"]
[Date "2024.04.23"]
[Round "2"]
[White "Vifleemskaia, Svetlana"]
[Black "Doknjas, Neil"]
[Result "1-0"]
[WhiteElo "1942"]
[BlackElo "2273"]
[PlyCount "125"]
[EventDate "2024.04.23"]
[EventType "swiss (blitz)"]
[EventRounds "11"]
[EventCountry "USA"]
[SourceTitle "CB18_2024"]
[SourceDate "2024.05.01"]
[SourceVersion "1"]
[SourceVersionDate "2024.05.01"]
[SourceQuality "2"]

1. d4 Nf6 2. c4 e6 3. Nc3 d5 4. cxd5 exd5 5. Bg5 c6 6. e3 Bd6 7. Bd3 h6 8. Bh4 Be6 9. Nge2 0-0 10. h3 a5 11. 0-0 Na6 12. a3 Nc7 13. Rb1 b5 14. f4 b4 15. axb4 axb4 16. Na4 Be7 17. Nc5 Bxc5 18. dxc5 Qe7 19. Nd4 Bd7 20. Re1 Nce8 21. Rc1 g6 22. Qc2 Kg7 23. Nf3 Bc8 24. Ne5 Qb7 25. Bxg6 fxg6 26. Qxg6+ Kh8 27. Qxh6+ Kg8 28. Qg6+ Qg7 29. Qxg7+ Nxg7 30. Nxc6 Nf5 31. Bf2 Ne4 32. g4 Ng7 33. Ne7+ Kf7 34. Nxd5 Be6 35. Nxb4 Rab8 36. Nd3 Rfd8 37. Ne5+ Ke8 38. Re2 Rdc8 39. c6 Rb6 40. f5 Bd5 41. Rec2 Nxf2 42. Kxf2 Rc7 43. Kg3 Ke7 44. Kf4 Ne8 45. e4 Rb4 46. Re2 Nf6 47. Rce1 Bc4 48. Re3 Nd5+ 49. exd5 Bxd5+ 50. Kg5 Rxb2 51. Nc4+ Kf7 52. Nxb2 Rxc6 53. Nd3 Kf8 54. Re8+ Kg7 55. R1e7+ Bf7 56. Ne5 Rf6 57. Rxf7+ Rxf7 58. Nxf7 Kh7 59. Ra8 Kg7 60. h4 Kh7 61. h5 Kg7 62. h6+ Kxf7 63. h7 1-0

[Event "Canadian zt"]
[Site "Toronto"]
[Date "2024.03.29"]
[Round "4"]
[White "Yang, Jingyun"]
[Black "Doknjas, Neil"]
[Result "1/2-1/2"]
[WhiteElo "2122"]
[BlackElo "2273"]
[PlyCount "81"]
[EventDate "2024.03.27"]
[EventType "team-swiss"]
[EventRounds "10"]
[EventCountry "CAN"]
[SourceTitle "CB15_2024"]
[SourceDate "2024.04.10"]
[SourceVersion "1"]
[SourceVersionDate "2024.04.10"]
[SourceQuality "1"]

1. e4 e5 2. Nc3 Nf6 3. f4 d5 4. fxe5 Nxe4 5. Qf3 f5 6. d3 Nxc3 7. bxc3 d4 8. Qg3 Be6 9. Be2 Qd7 10. Bf3 Nc6 11. Bxc6 Qxc6 12. Ne2 dxc3 13. 0-0 Bc5+ 14. Be3 0-0-0 15. Qf2 Bxe3 16. Qxe3 Kb8 17. a4 h6 18. Nd4 Qb6 19. Nxf5 Qxe3+ 20. Nxe3 Rhe8 21. Rfe1 Bg8 22. Nf5 Rd7 23. Ra3 Be6 24. Ne3 Bf7 25. Nf5 Be6 26. Ne3 Bf7 27. Nf5 Bg6 28. Nh4 Bh5 29. Rxc3 Rd5 30. e6 g5 31. Nf3 Rd6 32. e7 Kc8 33. Rc5 c6 34. Nd2 Kd7 35. Rce5 Bg6 36. Nc4 Rf6 37. R5e3 Bf5 38. Ne5+ Kd6 39. Nc4+ Kd7 40. Ne5+ Kd6 41. Nc4+ 1/2-1/2

[Event "Charlotte Super op"]
[Site "Charlotte"]
[Date "2023.07.13"]
[Round "9"]
[White "Dukic, Zachary"]
[Black "Doknjas, Neil"]
[Result "1-0"]
[WhiteElo "2196"]
[BlackElo "2126"]
[PlyCount "145"]
[EventDate "2023.07.09"]
[EventType "swiss"]
[EventRounds "9"]
[EventCountry "USA"]
[SourceTitle "CBM 215 Extra"]
[Source "ChessBase"]
[SourceDate "2023.09.30"]
[SourceVersion "1"]
[SourceVersionDate "2023.09.30"]
[SourceQuality "1"]

1. e4 c6 2. Nc3 d5 3. Nf3 Bg4 4. h3 Bxf3 5. Qxf3 e6 6. Be2 Nf6 7. 0-0 g6 8. d4 dxe4 9. Nxe4 Nxe4 10. Qxe4 Bg7 11. c3 0-0 12. Bf4 Nd7 13. Bh2 Re8 14. f4 Qb6 15. Qc2 c5 16. dxc5 Qxc5+ 17. Kh1 Nf6 18. Bf3 Nd5 19. Qb3 Rad8 20. f5 Ne3 21. fxg6 hxg6 22. Rfe1 Qg5 23. Qa4 b5 24. Qe4 Nc4 25. Bc7 Nd2 26. Bxd8 Rxd8 27. Qe3 Qxe3 28. Rxe3 Nc4 29. Re2 e5 30. Bc6 a6 31. a4 Rb8 32. axb5 axb5 33. Bd5 Nb6 34. Bb3 Nc4 35. Bxc4 bxc4 36. Ra4 Rc8 37. Re4 f5 38. Raxc4 Rd8 39. Re2 e4 40. Kg1 Bf6 41. g4 Rd5 42. b4 Rd3 43. gxf5 gxf5 44. Rc5 f4 45. Rxe4 Bxc3 46. Rxf4 Bd4+ 47. Kg2 Bxc5 48. bxc5 Rc3 49. Rf5 Kg7 50. h4 Kg6 51. Rg5+ Kf6 52. Rh5 Kf7 53. Rg5 Kf6 54. Rh5 Kf7 55. Kf2 Kg6 56. Rd5 Kf7 57. Ke2 Rc4 58. Rh5 Kg6 59. Rd5 Rxh4 60. Kd3 Kf7 61. Re5 Kf6 62. Re1 Ra4 63. c6 Ra6 64. Rc1 Ra8 65. Kc4 Ke7 66. Rd1 Rd8 67. Rd5 Rd6 68. Kc5 Rh6 69. c7 Rh1 70. Kc6 Rh6+ 71. Kb7 Ke6 72. c8Q+ Kxd5 73. Qf5+ 1-0

[Event "Los Angeles 1000GM Spring op"]
[Site "Los Angeles"]
[Date "2023.03.18"]
[Round "3"]
[White "Doknjas, Neil"]
[Black "Rorrer, Grayson"]
[Result "1/2-1/2"]
[WhiteElo "2052"]
[BlackElo "2292"]
[PlyCount "111"]
[EventDate "2023.03.17"]
[EventType "swiss"]
[EventRounds "9"]
[EventCountry "USA"]
[SourceTitle "CBM 213 Extra"]
[Source "ChessBase"]
[SourceDate "2023.05.31"]
[SourceVersion "1"]
[SourceVersionDate "2023.05.31"]
[SourceQuality "1"]

1. e4 e5 2. Nf3 Nc6 3. d4 exd4 4. Nxd4 Bc5 5. Be3 Qf6 6. c3 Nge7 7. Bc4 0-0 8. 0-0 b6 9. a4 Bb7 10. Ba2 Qg6 11. Nd2 d5 12. Bb1 dxe4 13. Bxe4 f5 14. Nxc6 fxe4 15. Bxc5 Bxc6 16. Bxe7 e3 17. f3 Rfe8 18. Bh4 Qh5 19. Qb3+ Bd5 20. c4 exd2 21. cxd5 Qxh4 22. d6+ Kh8 23. Qc3 cxd6 24. Qxd2 Re6 25. a5 Rae8 26. axb6 axb6 27. g3 Qe7 28. Qb4 Qb7 29. Rae1 h6 30. Rxe6 Rxe6 31. Kf2 Rf6 32. Kg2 Rf5 33. Qxd6 Rd5 34. Qb4 b5 35. Re1 Qd7 36. Re2 Rd4 37. Qe1 Kh7 38. g4 Rd3 39. Re5 Rd2+ 40. Re2 Rd3 41. Qb1 Kg8 42. Qf1 Qd5 43. Qf2 Rd4 44. h3 Rd3 45. h4 Rd4 46. Qg3 h5 47. Kh2 hxg4 48. fxg4 Rd1 49. Rg2 Rd3 50. Qb8+ Kh7 51. g5 Qd6+ 52. Qxd6 Rxd6 53. h5 Rd3 54. Rc2 Rd5 55. Rg2 Rd3 56. Rc2 1/2-1/2

[Event "Los Angeles 1000GM Spring op"]
[Site "Los Angeles"]
[Date "2023.03.18"]
[Round "2"]
[White "Kantor, Gergely"]
[Black "Doknjas, Neil"]
[Result "1-0"]
[WhiteElo "2532"]
[BlackElo "2052"]
[PlyCount "65"]
[EventDate "2023.03.17"]
[EventType "swiss"]
[EventRounds "9"]
[EventCountry "USA"]
[SourceTitle "CBM 213 Extra"]
[Source "ChessBase"]
[SourceDate "2023.05.31"]
[SourceVersion "1"]
[SourceVersionDate "2023.05.31"]
[SourceQuality "1"]

1. d4 Nf6 2. c4 e6 3. Nf3 d5 4. Nc3 dxc4 5. e4 b5 6. e5 Nfd7 7. Nxb5 Nb6 8. Be2 Nc6 9. 0-0 Be7 10. Qd2 Qd7 11. Nc3 Nb4 12. a3 N4d5 13. Ne4 Qc6 14. Re1 Bb7 15. Bd1 0-0-0 16. b4 f5 17. exf6 gxf6 18. Nc5 Bxc5 19. dxc5 e5 20. cxb6 Nf4 21. b5 Qxb6 22. Qc2 Nd3 23. Re3 Rhg8 24. g3 f5 25. Qxc4 e4 26. Rxd3 exd3 27. Be3 Qa5 28. Rc1 Rg7 29. Nd2 Rgd7 30. a4 Bd5 31. Qf4 Kb7 32. Bb3 a6 33. Bxd5+ 1-0

[Event "Francophonie-chT Rapid"]
[Site "Tornelo INT"]
[Date "2022.06.04"]
[Round "3.1"]
[White "Chiku Ratte, Olivier Kenta"]
[Black "Doknjas, Neil"]
[Result "1-0"]
[WhiteElo "2353"]
[BlackElo "2128"]
[PlyCount "111"]
[EventDate "2022.06.04"]
[EventType "team-swiss (rapid)"]
[EventRounds "11"]
[EventCountry "FRA"]
[SourceTitle "CBM 208 Extra"]
[Source "ChessBase"]
[SourceDate "2022.07.31"]
[SourceVersion "1"]
[SourceVersionDate "2022.07.31"]
[SourceQuality "1"]
[WhiteTeam "Quebec"]
[BlackTeam "Canada"]
[WhiteTeamCountry "CAN"]
[BlackTeamCountry "CAN"]

1. d4 Nf6 2. c4 e6 3. Nf3 d5 4. Nc3 dxc4 5. e4 b5 6. e5 Nd5 7. Nxb5 Nb6 8. Be2 Nc6 9. 0-0 Be7 10. Na3 Bxa3 11. bxa3 0-0 12. Be3 Ne7 13. Qc2 a5 14. Ng5 Nf5 15. Rfd1 h6 16. Ne4 Nxe3 17. fxe3 Nd5 18. Qc1 Qh4 19. Bf3 Qe7 20. Nc5 Qg5 21. e4 Qxc1 22. Raxc1 Nb6 23. Kf2 Rd8 24. Ke3 Ba6 25. Nxa6 Rxa6 26. Be2 Kf8 27. Bxc4 Nxc4+ 28. Rxc4 c6 29. Rb1 Ke7 30. Rb7+ Rd7 31. Rb8 Rd8 32. Rb3 Rd7 33. Rbc3 Rb7 34. Rxc6 Rxc6 35. Rxc6 Rb2 36. Rc7+ Ke8 37. d5 exd5 38. exd5 Rxa2 39. Kd4 Rxa3 40. Kc5 Rb3 41. Ra7 Rc3+ 42. Kd6 Rc8 43. e6 Rd8+ 44. Ke5 f6+ 45. Ke4 g6 46. Rxa5 Ke7 47. Ra7+ Kd6 48. Kd4 h5 49. Rf7 g5 50. h3 h4 51. Ke4 Ra8 52. Rd7+ Kc5 53. Kf5 Ra2 54. e7 Rf2+ 55. Kg6 Re2 56. Kf7 1-0

[Event "Francophonie-chT Rapid"]
[Site "Tornelo INT"]
[Date "2022.06.04"]
[Round "4.5"]
[White "Doknjas, Neil"]
[Black "Aarush, Thakkar"]
[Result "1-0"]
[WhiteElo "2128"]
[BlackElo "1416"]
[PlyCount "87"]
[EventDate "2022.06.04"]
[EventType "team-swiss (rapid)"]
[EventRounds "11"]
[EventCountry "FRA"]
[SourceTitle "CBM 208 Extra"]
[Source "ChessBase"]
[SourceDate "2022.07.31"]
[SourceVersion "1"]
[SourceVersionDate "2022.07.31"]
[SourceQuality "1"]
[WhiteTeam "Canada"]
[BlackTeam "Ghana II"]
[WhiteTeamCountry "CAN"]
[BlackTeamCountry "GHA"]

1. e4 c5 2. Nf3 Nc6 3. d4 cxd4 4. Nxd4 Nf6 5. Nc3 e6 6. Nxc6 bxc6 7. e5 Nd5 8. Ne4 Be7 9. c4 Nb6 10. Nd6+ Bxd6 11. Qxd6 Qe7 12. Qxe7+ Kxe7 13. Bf4 Ba6 14. b3 f6 15. 0-0-0 Rab8 16. exf6+ gxf6 17. Bd6+ Kf7 18. Bxb8 Rxb8 19. c5 Bxf1 20. cxb6 Bxg2 21. Rxd7+ Ke8 22. bxa7 Ra8 23. Rxh7 Rxa7 24. Rxa7 Bxh1 25. h4 Bf3 26. Rg7 Kf8 27. Rc7 Ke8 28. a4 Kd8 29. Rf7 f5 30. a5 Kc8 31. a6 Kb8 32. Re7 Bd5 33. h5 f4 34. h6 Be4 35. Rxe6 Bf5 36. Re7 Bd3 37. h7 Bxh7 38. Rxh7 Ka8 39. Kc2 c5 40. Kc3 f3 41. Kc4 Kb8 42. Kxc5 Ka8 43. Kb6 Kb8 44. Rh8# 1-0

[Event "Richmond Keres Memorial 46th"]
[Site "Richmond"]
[Date "2022.05.22"]
[Round "4"]
[White "Moura, Eduardo Henrique B"]
[Black "Doknjas, Neil"]
[Result "1/2-1/2"]
[WhiteElo "2111"]
[BlackElo "2118"]
[PlyCount "98"]
[EventDate "2022.05.21"]
[EventType "swiss"]
[EventRounds "6"]
[EventCountry "CAN"]
[SourceTitle "CBM 209 Extra"]
[Source "ChessBase"]
[SourceDate "2022.09.30"]
[SourceVersion "1"]
[SourceVersionDate "2022.09.30"]
[SourceQuality "1"]

1. e4 c5 2. c3 Nf6 3. e5 Nd5 4. d4 cxd4 5. Nf3 Nc6 6. cxd4 d6 7. Bc4 Nb6 8. Bb5 dxe5 9. Nxe5 Bd7 10. Nxd7 Qxd7 11. 0-0 e6 12. Nc3 Be7 13. Qg4 0-0 14. Rd1 f5 15. Qf3 a6 16. Bxc6 Qxc6 17. Qxc6 bxc6 18. Bf4 Nd7 19. Rac1 g5 20. Bc7 Rfc8 21. Ba5 Rab8 22. b3 c5 23. dxc5 Nxc5 24. Ne2 Bf6 25. Bc3 Bxc3 26. Nxc3 Rd8 27. Rxd8+ Rxd8 28. b4 Nd7 29. Na4 Rb8 30. a3 a5 31. bxa5 Rb5 32. Nb6 Nxb6 33. axb6 Rxb6 34. a4 Ra6 35. Ra1 Kf7 36. f3 e5 37. Kf2 Ke6 38. Ke3 f4+ 39. Kd3 Kd5 40. a5 h5 41. h3 g4 42. hxg4 hxg4 43. Ra4 gxf3 44. gxf3 Kc5 45. Ke4 Kd6 46. Ra2 Ke6 47. Ra3 Kd6 48. Ra4 Ke6 49. Ra2 Kd6 1/2-1/2

[Event "Richmond Keres Memorial 46th"]
[Site "Richmond"]
[Date "2022.05.21"]
[Round "2"]
[White "He, Matthew"]
[Black "Doknjas, Neil"]
[Result "0-1"]
[WhiteElo "1492"]
[BlackElo "2118"]
[PlyCount "98"]
[EventDate "2022.05.21"]
[EventType "swiss"]
[EventRounds "6"]
[EventCountry "CAN"]
[SourceTitle "CBM 209 Extra"]
[Source "ChessBase"]
[SourceDate "2022.09.30"]
[SourceVersion "1"]
[SourceVersionDate "2022.09.30"]
[SourceQuality "1"]

1. d4 Nf6 2. c4 e6 3. Nc3 Bb4 4. Qc2 b6 5. Bg5 Bb7 6. e3 h6 7. Bh4 g5 8. Bg3 Ne4 9. Nge2 d5 10. 0-0-0 Nxg3 11. Nxg3 Bxc3 12. Qxc3 Nd7 13. cxd5 exd5 14. e4 dxe4 15. d5 Qf6 16. Bb5 Qxc3+ 17. bxc3 0-0-0 18. Nxe4 Ne5 19. Rhe1 a6 20. Bf1 Ng6 21. d6 a5 22. Bc4 Bxe4 23. Rxe4 Rxd6 24. Rxd6 cxd6 25. Bxf7 Nf4 26. g3 Nd3+ 27. Kd2 Ne5 28. Be6+ Kd8 29. Ke3 Re8 30. Bb3 Ng4+ 31. Kd4 Nxf2 32. Rxe8+ Kxe8 33. Kd5 Kd7 34. Ba4+ Kc7 35. Ke6 Ne4 36. Bc2 Nxc3 37. a4 Kc6 38. g4 d5 39. Kf6 Ne4+ 40. Kg6 Nf2 41. Bf5 b5 42. axb5+ Kxb5 43. Kxh6 Nh3 44. Kg6 a4 45. Bb1 d4 46. Kf5 Kc4 47. Ke4 Kc3 48. Ba2 d3 49. Ke3 d2 0-1

[Event "Richmond Keres Memorial 44th"]
[Site "Richmond"]
[Date "2019.05.20"]
[Round "6"]
[White "Kaufman, Raymond"]
[Black "Doknjas, Neil"]
[Result "1-0"]
[WhiteElo "2362"]
[BlackElo "2064"]
[PlyCount "93"]
[EventDate "2019.05.18"]
[EventType "swiss"]
[EventRounds "6"]
[EventCountry "CAN"]
[SourceTitle "CBM 190 Extra"]
[Source "ChessBase"]
[SourceDate "2019.07.15"]
[SourceVersion "1"]
[SourceVersionDate "2019.07.15"]
[SourceQuality "1"]

1. d4 d5 2. c4 e6 3. Nc3 Nf6 4. cxd5 exd5 5. Bg5 Be7 6. e3 c6 7. Bd3 0-0 8. h3 Nbd7 9. Qc2 Re8 10. Nf3 Nf8 11. Ne5 Ne4 12. Bxe7 Qxe7 13. 0-0 f6 14. Nf3 f5 15. Ne5 Nd7 16. f4 Nxe5 17. fxe5 Qg5 18. Rf3 Qh4 19. Raf1 Be6 20. Kh2 g5 21. Ne2 Rf8 22. Bxe4 dxe4 23. R3f2 Rf7 24. Qc5 Qh6 25. b3 Kg7 26. Ng3 Qg6 27. Nxe4 g4 28. Ng3 Qg5 29. Rf4 Raf8 30. e4 fxe4 31. Nxe4 g3+ 32. Kg1 Rxf4 33. Qxf8+ Rxf8 34. Nxg5 Rxf1+ 35. Kxf1 Bd5 36. Nf3 Bxf3 37. gxf3 h5 38. h4 Kg6 39. Kg2 Kf5 40. f4 b6 41. Kxg3 a6 42. Kf3 a5 43. Ke3 a4 44. bxa4 Ke6 45. Ke4 c5 46. dxc5 bxc5 47. a5 1-0